LEADER 01229nam--2200373---450- 001 990001744810203316 005 20050708121001.0 035 $a000174481 035 $aUSA01000174481 035 $a(ALEPH)000174481USA01 035 $a000174481 100 $a20040610d1971----km-y0itay0103----ba 101 0 $afre 102 $aFR 105 $a||||||||001yy 200 1 $a<> premier humanisme Byzantin$eNotes et remarques sur enseignement et culture à Bysance des origines au 10. siècle$fPaul Lemerle 210 $aParis$cPresses Univ. de France$d1971 215 $a327 p.$d25 cm 225 2 $aBybliotheque byzantine$fEtudes$v6 410 0$12001$aBybliotheque byzantine$fEtudes$v6 454 1$12001 461 1$1001-------$12001 606 0 $aCiviltà Bizantina$xStoria$zSec. 10. 700 1$aLEMERLE,$bPaul$0152892 801 0$aIT$bsalbc$gISBD 912 $a990001744810203316 951 $aVIII P Coll. 11/6$b59902 L.M.$cVIII P Coll. 951 $aV.2.B. 11a(VIII P Coll. 11/6 bis)$b69206 L.M.$cVIII P Coll. 959 $aBK 969 $aUMA 979 $aSIAV2$b10$c20040610$lUSA01$h1633 979 $aCOPAT6$b90$c20050708$lUSA01$h1210 996 $aPremier humanisme byzantin$9489584 997 $aUNISA LEADER 01426nam0-2200397---450- 001 990000977480203316 005 20100723112835.0 010 $a88-14-04727-8 035 $a0097748 035 $aUSA010097748 035 $a(ALEPH)000097748USA01 035 $a0097748 100 $a20020222d1994----km-y0ITAy01------ba 101 $aita 102 $aIT 105 $a||||||||001yy 200 1 $aAutonomia ed economicità nelle aziende pubbliche$fAntonello Zangrandi 210 $aMilano$cA. Giuffré$d1994 215 $aVIII, 332 p$d25 cm 225 2 $aUniversità degli studi di Parma, Dipartimento di economia. Sezione di ricerche aziendali Gino Zappa$v12 410 $aUniversità degli studi di Parma, Dipartimento di economia. Sezione di ricerche aziendali Gino Zappa$12001$v12 606 0 $aAziende pubbliche$xOrganizzazione 676 $a338.620945 700 1$aZANGRANDI,$bAntonello$0107347 801 0$aIT$bsalbc$gISBD 912 $a990000977480203316 951 $aXXX.B. Coll. 158/ 7 8X 17 XII 12)$b2071 EC$cXXX.B. Coll. 158/ 7 8X 17 XII)$d00285952 959 $aBK 969 $aECO 979 $aPATTY$b90$c20020222$lUSA01$h1357 979 $c20020403$lUSA01$h1740 979 $aPATRY$b90$c20040406$lUSA01$h1707 979 $aRSIAV2$b90$c20100723$lUSA01$h1128 979 $aCHIARA$b90$c20110523$lUSA01$h1233 996 $aAutonomia ed economicità nelle aziende pubbliche$952235 997 $aUNISA